Sanat - "Joulumaa" - Statistics

Yleistilastot
  • Tätä visaa on pelattu 222 kertaa
  • Keskiarvotulos 105 / 140
Vastaustilastot
Vastaus % Oikein
jo
100%
joulumaa
99%
on
97%
kuin
94%
94%
ja
93%
matka
93%
muutakin
93%
rauha
92%
sinne
92%
rauhan
90%
valtakunta
90%
ei
89%
ihmismielen
89%
jos
89%
kauan
89%
kestä
89%
kovin
89%
löytyy
89%
sydämestä
89%
jokaiselta
88%
eikä
87%
lunta
87%
tunturi
86%
silloin
83%
pysyy
75%
kysyy
73%
tietä
73%
moni
72%
paikallansa
72%
vaikka
72%
löytää
71%
matkamies
70%
tai
70%
sillä
69%
maailmalle
68%
puurokauhan
68%
voi
68%
Joulumaahan
67%
suuren
67%
niiden
65%
saattaa
65%
helminauhaa
64%
taivaan
64%
antaa
63%
katson
63%
pelkkää
63%
tähtiä
63%
toiveunta
63%
voisin
63%
saada
61%
jostain
60%
itsestään
59%
Joulumaasta
58%
tahtoisin
58%
etsittävä
53%
niin
53%
satumaista
51%
kaikenlaista
50%
paljon
50%
mun
49%
joulurauhaa
48%
kun
48%
onnen
48%
kuvitellaan
46%
löytävänsä
46%
vain
46%
toiveet
44%
toteutuu
44%
itsestäni
43%
kuinka
43%
löydettävä
42%
uskoo
42%
ihmisen
41%
mutta
38%
narraa
37%
kätkeytyy
34%
sepä
34%
etsijänsä
33%
valmiiksi
33%
mikään
32%
onnea
32%
jauha
31%
mylly
31%
Ehtoja vastaavia visoja ei löytynyt
Tulosjakauma
Jokaisen tuloksen saaneiden osuus
Persentiili vastausten määrän mukaan
Tuloshistoriasi
Et ole pelannut tätä visaa